El caballo de los dioses / (Record no. 44893)

MARC details
000 -LEADER
campo de control de longitud fija 00817nam a2200253 i 4500
001 - NÚMERO DE CONTROL
campo de control 44893
003 - IDENTIFICADOR DE NÚMERO DE CONTROL
campo de control ES-MaACL
005 - FECHA Y HORA DE LA ÚLTIMA TRANSACCIÓN
campo de control 20250808012655.0
007 - CAMPO FIJO DE DESCRIPCIÓN FÍSICA--INFORMACIÓN GENERAL
campo de control de longitud fija t|
008 - DATOS DE LONGITUD FIJA--INFORMACIÓN GENERAL
campo de control de longitud fija 030324s1952 sp ||||1| spa d
080 ## - NÚMERO DE LA CLASIFICACIÓN DECIMAL UNIVERSAL
Número de la Clasificación Decimal Universal 291.24.4
100 1# - ENTRADA PRINCIPAL--NOMBRE DE PERSONA
Nombre de persona Clouzot, Henri-Georges.
9 (RLIN) 39307
245 13 - MENCIÓN DEL TÍTULO
Título El caballo de los dioses /
Mención de responsabilidad, etc. Henri-Georges Clouzot ; [traducción del francés por Edmond Vallés].
250 ## - MENCION DE EDICION
Mención de edición 1ª ed.
260 ## - PUBLICACIÓN, DISTRIBUCIÓN, ETC.
Lugar de publicación, distribución, etc. Barcelona :
Nombre del editor, distribuidor, etc. Aymá,
Fecha de publicación, distribución, etc. 1952 (
Fabricante Imp. Juvenil)
300 ## - DESCRIPCIÓN FÍSICA
Extensión 222 p., 16 lám. ;
Dimensiones 22 cm.
490 1# - MENCIÓN DE SERIE
Mención de serie Los caminos de la vida ;
Designación de volumen o secuencia 2
650 #4 - PUNTO DE ACCESO ADICIONAL DE MATERIA--TÉRMINO DE MATERIA
Término de materia o nombre geográfico como elemento de entrada Cultos afro-brasileños.
9 (RLIN) 173698
650 #4 - PUNTO DE ACCESO ADICIONAL DE MATERIA--TÉRMINO DE MATERIA
Término de materia o nombre geográfico como elemento de entrada Magia-
Subdivisión geográfica América latina.
9 (RLIN) 14730
700 1# - ENTRADA AGREGADA--NOMBRE PERSONAL
Nombre de persona Vallès, Edmon.
9 (RLIN) 112874
830 14 - PUNTO DE ACCESO ADICIONAL DE SERIE-TÍTULO UNIFORME
Título uniforme Los caminos de la vida
Designación de volumen o secuencia 2
9 (RLIN) 182340
852 ## - LOCALIZACIÓN
Ubicación ES-MaACL
Número de control de estantería D-8582
Holdings
Estatus retirado Estado de pérdida Estado de daño No para préstamo Biblioteca de origen Biblioteca actual Ubicación en estantería Fecha de adquisición Fuente de adquisición Total de préstamos Signatura topográfica completa Código de barras Visto por última vez Precio de reemplazo Tipo de ítem Koha
        Biblioteca del Ateneo de Madrid Biblioteca del Ateneo de Madrid Sala Valle Inclán 17/01/2008     D-8582 901047249 23/02/2023 23/02/2023 Libro impreso